| 000 | 01161cam a22003377a 4500 | ||
|---|---|---|---|
| 003 | CHAP | ||
| 005 | 20220329143007.0 | ||
| 008 | 050602d2001 mx ad r 00110 spa d | ||
| 010 | _a90415 | ||
| 011 | _a91387 | ||
| 020 | _a970666422X | ||
| 035 | _a101945 | ||
| 040 | _cCHAP | ||
| 082 | 0 | 4 |
_a153.152 _bG35 |
| 100 | 0 | 0 |
_aGalván, Josefa T. _944546 |
| 245 | 1 | 0 |
_aAprendizaje integral: _bel cómo de la metodología de Aprendizaje Acelerado creada originalmente por el Dr. Georgi Lozanov _c/por Josefa T. Galván |
| 260 |
_aMéxico, D. F. : _bGrupo Tomo, _c2001 |
||
| 300 |
_a115 p. : _bilus. ; cuadros |
||
| 590 |
_aBATCH-UPD _b10 _c20130110 _lUCH01 _h0720 |
||
| 590 |
_aBATCH-UPD _b10 _c20130410 _lUCH01 _h0404 |
||
| 590 |
_aBATCH-UPD _b10 _c20130914 _lUCH01 _h1454 |
||
| 590 |
_aCONVERSION _b10 _c20130109 _lUCH01 _h1350 |
||
| 650 | 1 | 4 |
_aAprendizaje, Teoria del. _96373 |
| 650 | 1 | 4 |
_aAprendizaje. _96370 |
| 650 | 1 | 4 |
_aAprendizaje _xPsicologia del. _96372 |
| 650 | 1 | 4 |
_aMétodos de estudio. _976629 |
| 901 | _aBK | ||
| 905 | _aMarco A. Mendoza T. | ||
| 942 | _cLIBRO | ||
| 949 |
_a153.152 G35 _bBC _cLIBRO _d33724000951984 _eLIBRO _gI.c/e _h105944 _i101945 _si _t$119.00 |
||
| 999 |
_c90415 _d90415 |
||